[Event "Ivy League Challenge"]
[Site "Toronto CAN"]
[Date "2023.03.25"]
[Round "3"]
[White "Zhao, Ian"]
[Black "Vettese, Nicholas"]
[Result "0-1"]
[WhiteElo "2307"]
[BlackElo "2278"]
[PlyCount "88"]
[GameId "2160767907254169"]
[EventDate "2023.03.24"]
[EventRounds "5"]
[EventCountry "CAN"]
[SourceTitle "10 Days #718"]
[Source "ChessMix"]
[SourceDate "2023.04.01"]
[SourceVersion "1"]
[SourceVersionDate "2023.04.01"]
[SourceQuality "1"]
[WhiteTeam "University of Waterloo"]
[BlackTeam "University of Toronto - A"]

1. e4 c5 2. Nf3 e6 3. c3 Nf6 4. e5 Nd5 5. d4 cxd4 6. cxd4 d6 7. Bc4 Nb6 8. Bb5+ Bd7 9. Bxd7+ N8xd7 10. O-O dxe5 11. dxe5 Nc5 12. Nc3 Be7 13. Be3 O-O 14. Rc1 Nd3 15. Bxb6 axb6 16. Rc2 Nf4 17. Rd2 Qc8 18. Qb3 Qc6 19. Rd4 Ng6 20. Rc4 Bc5 21. Ne4 Rfc8 22. Rfc1 Qd5 23. Nxc5 bxc5 24. h3 h6 25. a3 Nxe5 26. Nxe5 Qxe5 27. Qb6 Qg5 28. Rxc5 Qxc1+ 29. Rxc1 Rxc1+ 30. Kh2 Rb8 31. a4 Ra1 32. b3 Ra2 33. Qc7 Re8 34. Qxb7 Rxf2 35. a5 Rd2 36. a6 e5 37. a7 Rdd8 38. Kg1 e4 39. Kf2 e3+ 40. Ke2 Rd2+ 41. Ke1 e2 42. Kxd2 e1=Q+ 43. Kd3 Re3+ 44. Kc4 Qc3+ 0-1

[Event "Ivy League Challenge"]
[Site "Toronto CAN"]
[Date "2023.03.25"]
[Round "4"]
[White "Vettese, Nicholas"]
[Black "Gurevich, Daniel"]
[Result "0-1"]
[WhiteElo "2278"]
[BlackElo "2446"]
[PlyCount "69"]
[GameId "2160767907254179"]
[EventDate "2023.03.24"]
[EventRounds "5"]
[EventCountry "CAN"]
[SourceTitle "10 Days #718"]
[Source "ChessMix"]
[SourceDate "2023.04.01"]
[SourceVersion "1"]
[SourceVersionDate "2023.04.01"]
[SourceQuality "1"]
[WhiteTeam "University of Toronto - A"]
[BlackTeam "Princeton University"]

1. e4 c6 2. d4 d5 3. Nc3 dxe4 4. Nxe4 Bf5 5. Ng3 Bg6 6. N1e2 Nf6 7. c3 Nd5 8. h4 h6 9. Nf4 Nxf4 10. Bxf4 e6 11. h5 Bh7 12. Bd3 Bxd3 13. Qxd3 Bd6 14. Bxd6 Qxd6 15. Ne4 Qd5 16. O-O-O Qxa2 17. Nd6+ Ke7 18. Nxb7 Nd7 19. Qg3 Rhb8 20. Qd6+ Ke8 21. Qc7 Rxb7 22. Qxb7 Rb8 23. Qxb8+ Nxb8 24. Kc2 Nd7 25. Ra1 Qd5 26. Rxa7 c5 27. Rd1 Qxg2 28. Rxd7 Kxd7 29. dxc5+ Kc7 30. Rd2 Qe4+ 31. Rd3 Qe2+ 32. Rd2 Qxh5 33. b4 Qf5+ 34. Kb3 h5 35. Kc4 0-1

[Event "Ivy League Challenge"]
[Site "Toronto CAN"]
[Date "2023.03.26"]
[Round "5"]
[White "Nakada, Akira W"]
[Black "Vettese, Nicholas"]
[Result "1-0"]
[WhiteElo "2315"]
[BlackElo "2278"]
[PlyCount "59"]
[GameId "2160767907254190"]
[EventDate "2023.03.24"]
[EventRounds "5"]
[EventCountry "CAN"]
[SourceTitle "CBM 213 Extra"]
[Source "ChessBase"]
[SourceDate "2023.05.31"]
[SourceVersion "1"]
[SourceVersionDate "2023.05.31"]
[SourceQuality "1"]
[WhiteTeam "Harvard Univ"]
[BlackTeam "Toronto Univ"]
[WhiteTeamCountry "USA"]
[BlackTeamCountry "CAN"]

1. c4 c6 2. Nf3 d5 3. e3 Nf6 4. Nc3 Nbd7 5. Qc2 e5 6. cxd5 Nxd5 7. Be2 Bd6 8. O-O O-O 9. d4 Nb4 10. Qb1 exd4 11. exd4 Nb6 12. Re1 g6 13. Bg5 f6 14. Bh6 Re8 15. Qd1 g5 16. h4 g4 17. Nd2 Bf5 18. Nc4 g3 19. Rf1 Be6 20. Nxd6 Qxd6 21. Ne4 Qe7 22. fxg3 Nd7 23. Bh5 Bd5 24. Nd6 f5 25. Nxe8 Rxe8 26. Bxe8 Qxe8 27. Rxf5 Qe4 28. Qf1 Qxd4+ 29. Kh2 Kh8 30. Re1 1-0

[Event "CAN-ch Univeristies"]
[Site "Ottawa CAN"]
[Date "2023.01.28"]
[Round "1"]
[White "Tran, Dennis"]
[Black "Vettese, Nicholas"]
[Result "0-1"]
[WhiteElo "1814"]
[BlackElo "2418"]
[PlyCount "96"]
[GameId "2160767907251337"]
[EventDate "2023.01.27"]
[EventType "swiss"]
[EventRounds "5"]
[EventCountry "CAN"]

1. e4 c5 2. Nf3 e6 3. c4 Nc6 4. d4 cxd4 5. Nxd4 Bb4+ 6. Nc3 Bxc3+ 7. bxc3 Qa5 8. Nb5 Nf6 9. Nd6+ Ke7 10. f3 Qxc3+ 11. Bd2 Qe5 12. Nb5 a6 13. Bc3 Qf4 14. Bd2 Qe5 15. Bc3 Qc5 16. Nd4 d5 17. Nxc6+ bxc6 18. Qd2 Ke8 19. e5 Nd7 20. Bb4 Qb6 21. Bd6 f6 22. Bd3 Nxe5 23. Rb1 Qd8 24. c5 Nf7 25. Bg3 e5 26. Rb6 Qe7 27. Rxc6 Bb7 28. Rb6 Nd8 29. Bf2 d4 30. Qc2 Rc8 31. Bxa6 Rxc5 32. Qb2 Bxa6 33. Rxa6 Qb7 34. Qxb7 Nxb7 35. Ra8+ Kf7 36. Rxh8 Rc1+ 37. Ke2 Rxh1 38. h3 Ra1 39. Ra8 Nc5 40. Be1 Rb1 41. Ra5 Rb2+ 42. Kd1 Nd3 43. Bd2 Ke6 44. a3 f5 45. Ra7 e4 46. Ra6+ Kd5 47. Ra5+ Kc6 48. Rxf5 e3 0-1

[Event "CAN-ch Univeristies"]
[Site "Ottawa CAN"]
[Date "2023.01.28"]
[Round "2"]
[White "Vettese, Nicholas"]
[Black "Nunez-Painchaud, Raphael"]
[Result "0-1"]
[WhiteElo "2418"]
[BlackElo "2237"]
[PlyCount "126"]
[GameId "2160767907251343"]
[EventDate "2023.01.27"]
[EventType "swiss"]
[EventRounds "5"]
[EventCountry "CAN"]

1. e4 c5 2. Nf3 d6 3. d4 cxd4 4. Nxd4 Nf6 5. Nc3 a6 6. Nb3 Nc6 7. Be3 Ng4 8. Bg5 h6 9. Bh4 g6 10. Qd2 Bg7 11. f3 Nge5 12. f4 g5 13. fxg5 hxg5 14. Bxg5 Bg4 15. Be2 Qd7 16. Nd5 Rd8 17. O-O-O Bxe2 18. Qxe2 Qg4 19. Qxg4 Nxg4 20. Rdf1 Nxh2 21. Nc7+ Kd7 22. Rxf7 Rdg8 23. Nd5 Bxb2+ 24. Kxb2 Rxg5 25. Rf2 Ng4 26. Nb6+ Ke6 27. Rf5 Rxh1 28. Rxg5 Nf6 29. e5 Nxe5 30. Na5 Rh8 31. Rg3 Ne4 32. Re3 Nc5 33. Nbc4 Rh5 34. Rh3 Nxc4+ 35. Nxc4 Rg5 36. Ne3 d5 37. c3 Kd6 38. Kc2 e6 39. g4 Ne4 40. Rh7 b5 41. Ra7 Nc5 42. Kd2 e5 43. Nf5+ Kc6 44. Nh6 Rg6 45. Nf7 Kb6 46. Re7 Rxg4 47. Rxe5 Rg2+ 48. Ke3 Rg3+ 49. Kf4 Rxc3 50. Rxd5 Rc2 51. Ne5 Rxa2 52. Rd6+ Ka5 53. Ke3 Kb4 54. Nc6+ Ka3 55. Kd4 Rc2 56. Ne5 Nb3+ 57. Ke3 a5 58. Rb6 Rc3+ 59. Ke2 a4 60. Nd3 Nc5 61. Ne1 b4 62. Kd2 Ne4+ 63. Kd1 b3 0-1

[Event "CAN-ch Univeristies"]
[Site "Ottawa CAN"]
[Date "2023.01.28"]
[Round "3"]
[White "Hua, Eugene"]
[Black "Vettese, Nicholas"]
[Result "1/2-1/2"]
[WhiteElo "2349"]
[BlackElo "2418"]
[PlyCount "118"]
[GameId "2160767907251349"]
[EventDate "2023.01.27"]
[EventType "swiss"]
[EventRounds "5"]
[EventCountry "CAN"]

1. e4 c5 2. Ne2 e6 3. d4 cxd4 4. Nxd4 Nc6 5. Nc3 Qc7 6. Qd3 Nf6 7. Ndb5 Qb8 8. Qg3 d6 9. Be3 a6 10. Nd4 Bd7 11. Bd3 b5 12. O-O Ne5 13. h3 b4 14. Nce2 Nxd3 15. cxd3 e5 16. Nb3 Bb5 17. Rfd1 Nxe4 18. dxe4 Bxe2 19. Rdc1 Qb7 20. f4 f6 21. fxe5 fxe5 22. Re1 Bh5 23. Nc5 Qf7 24. Nd3 Bg6 25. Bg5 Qb7 26. Rac1 Qb6+ 27. Kh1 Bf7 28. Qg4 Qb7 29. Nxb4 h6 30. Bd2 h5 31. Qf5 Be7 32. Nd5 O-O 33. Nxe7+ Qxe7 34. Qg5 Qb7 35. b3 Rac8 36. Kh2 Kh7 37. Qe3 Bg6 38. Rxc8 Rxc8 39. Qd3 Rd8 40. Qd5 Qxd5 41. exd5 Rb8 42. Bg5 Rb7 43. Kg3 Kg8 44. Rc1 Be4 45. Rc6 Rd7 46. Rxa6 Bxd5 47. b4 Bc4 48. Ra8+ Kf7 49. a4 d5 50. b5 Rb7 51. Rc8 Bb3 52. Rc5 Bxa4 53. Rxd5 Ke6 54. Rc5 Bxb5 55. Bd2 Rd7 56. Bc3 Rd3+ 57. Kf2 Rd5 58. Rxd5 Kxd5 59. h4 g6 1/2-1/2

[Event "CAN-ch Univeristies"]
[Site "Ottawa CAN"]
[Date "2023.01.29"]
[Round "4"]
[White "Vettese, Nicholas"]
[Black "Zhang, Yuanchen"]
[Result "1/2-1/2"]
[WhiteElo "2418"]
[BlackElo "2425"]
[PlyCount "78"]
[GameId "2160767907251361"]
[EventDate "2023.01.27"]
[EventType "swiss"]
[EventRounds "5"]
[EventCountry "CAN"]

1. e4 e5 2. Nf3 Nc6 3. d4 exd4 4. Nxd4 Nf6 5. Nxc6 bxc6 6. e5 Qe7 7. Qe2 Nd5 8. h4 d6 9. c4 Nb6 10. exd6 cxd6 11. Be3 d5 12. Nd2 dxc4 13. g3 Nd5 14. Bg2 Bd7 15. Nxc4 Nxe3 16. Nxe3 Qb4+ 17. Kf1 Be7 18. Re1 Rc8 19. Kg1 Be6 20. Bh3 Bxh3 21. Nc2 Qb7 22. Rxh3 Rc7 23. Ne3 O-O 24. b3 c5 25. Rd1 Rd7 26. Rxd7 Qxd7 27. Kg2 Rd8 28. Rh1 Qc6+ 29. Kh2 Bf6 30. Rd1 Rxd1 31. Qxd1 Bd4 32. Qg4 Bxe3 33. fxe3 Qa6 34. a4 h6 35. Qe4 Qe2+ 36. Kh3 Qf1+ 37. Kh2 Qf2+ 38. Kh3 Qf1+ 39. Kh2 Qf2+ 1/2-1/2

[Event "Oakville Invitational"]
[Site "Oskville CAN"]
[Date "2020.02.19"]
[Round "1.4"]
[White "Lund, Silas"]
[Black "Vettese, Nicholas"]
[Result "1/2-1/2"]
[WhiteElo "2340"]
[BlackElo "2225"]
[PlyCount "27"]
[GameId "2160767907702165"]
[EventDate "2020.02.19"]
[EventType "tourn"]
[EventRounds "9"]
[EventCountry "CAN"]
[SourceTitle "hb 2020"]

1. d4 d5 2. c4 dxc4 3. Nf3 Nf6 4. e3 b5 5. a4 b4 6. Bxc4 e6 7. Nbd2 Be7 8. e4 O-O 9. O-O Bb7 10. Qe2 c5 11. e5 Nd5 12. dxc5 Nd7 13. Ne4 Nxc5 14. Nxc5 1/2-1/2

[Event "Oakville Invitational"]
[Site "Oskville CAN"]
[Date "2020.02.20"]
[Round "2.4"]
[White "Vettese, Nicholas"]
[Black "Clyde, Jordan"]
[Result "1-0"]
[WhiteElo "2225"]
[BlackElo "2165"]
[PlyCount "59"]
[GameId "2160767907702170"]
[EventDate "2020.02.19"]
[EventType "tourn"]
[EventRounds "9"]
[EventCountry "CAN"]
[SourceTitle "hb 2020"]

1. e4 Nf6 2. e5 Nd5 3. d4 d6 4. Nf3 dxe5 5. Nxe5 c6 6. a3 Nd7 7. c4 Nxe5 8. cxd5 Nd7 9. dxc6 bxc6 10. Nd2 g6 11. g3 Bg7 12. Bg2 Bxd4 13. Nc4 Nb8 14. Bh6 Be6 15. Rc1 Bf6 16. Qa4 Bd5 17. Rd1 e6 18. Bxd5 exd5 19. O-O Be7 20. Rfe1 f6 21. Qb4 Na6 22. Qb7 Nc7 23. Qxc6+ Kf7 24. Bf4 Rc8 25. Bd6 Bf8 26. Bxf8 Kxf8 27. Nd6 Rb8 28. Nb7 Qc8 29. Qxf6+ Kg8 30. Re7 1-0

[Event "Oakville Invitational"]
[Site "Oskville CAN"]
[Date "2020.02.20"]
[Round "3.3"]
[White "Zhou, Liran"]
[Black "Vettese, Nicholas"]
[Result "1-0"]
[WhiteElo "2307"]
[BlackElo "2225"]
[PlyCount "91"]
[GameId "2160767907702175"]
[EventDate "2020.02.19"]
[EventType "tourn"]
[EventRounds "9"]
[EventCountry "CAN"]
[SourceTitle "hb 2020"]

1. e4 c5 2. Nf3 d6 3. d4 cxd4 4. Nxd4 Nf6 5. Nc3 a6 6. Bc4 e6 7. O-O b5 8. Bb3 Be7 9. Qf3 Qc7 10. Qg3 O-O 11. Bh6 Ne8 12. Rad1 Bf6 13. Bg5 b4 14. Nce2 Nd7 15. c3 Nc5 16. Bc2 Bxg5 17. Qxg5 a5 18. c4 e5 19. Nb5 Qc6 20. Qe3 Ba6 21. f4 exf4 22. Nxf4 Bxb5 23. cxb5 Qxb5 24. e5 dxe5 25. Nd5 Ra7 26. Qxe5 Qc4 27. Ne3 Qb5 28. Rd5 Rc7 29. Rf5 g6 30. Rxc5 Qe2 31. Rf2 Qe1+ 32. Rf1 Qe2 33. Bd1 Rxc5 34. Qxc5 Qxb2 35. Bb3 Nf6 36. Nd5 Ne4 37. Qe3 Nd2 38. Qh6 Qd4+ 39. Kh1 Re8 40. Rg1 Nxb3 41. Qg5 Re5 42. Qd8+ Kg7 43. Qf6+ Kh6 44. Ne7 Rg5 45. Ng8+ Kh5 46. Qf3+ 1-0

[Event "Oakville Invitational"]
[Site "Oskville CAN"]
[Date "2020.02.21"]
[Round "4.3"]
[White "Vettese, Nicholas"]
[Black "Krnan, Tomas"]
[Result "0-1"]
[WhiteElo "2225"]
[BlackElo "2420"]
[PlyCount "78"]
[GameId "2160767907702179"]
[EventDate "2020.02.19"]
[EventType "tourn"]
[EventRounds "9"]
[EventCountry "CAN"]
[SourceTitle "hb 2020"]

1. e4 e5 2. Nf3 Nc6 3. Bc4 Nf6 4. d3 Bc5 5. Nc3 O-O 6. O-O h6 7. a3 a6 8. Bd5 Nxd5 9. exd5 Nd4 10. Nxe5 d6 11. Nc4 Qh4 12. Kh1 b5 13. Nd2 f5 14. f4 Bb7 15. Nf3 Qf6 16. Be3 Rae8 17. Bxd4 Bxd4 18. Nxd4 Qxd4 19. Qf3 Re7 20. Qf2 Qxf2 21. Rxf2 g5 22. Kg1 Kg7 23. Kf1 Kf6 24. Re1 Rfe8 25. Rxe7 Rxe7 26. Re2 Rxe2 27. fxg5+ hxg5 28. Kxe2 Ke5 29. h3 Bxd5 30. Nxd5 Kxd5 31. Kf3 Ke5 32. g3 Kf6 33. c4 c6 34. Ke3 d5 35. cxb5 cxb5 36. h4 Kg6 37. hxg5 Kxg5 38. Kd4 Kg4 39. Ke5 d4 0-1

[Event "Oakville Invitational"]
[Site "Oskville CAN"]
[Date "2020.02.21"]
[Round "5.2"]
[White "Liang, Jason"]
[Black "Vettese, Nicholas"]
[Result "0-1"]
[WhiteElo "2353"]
[BlackElo "2225"]
[PlyCount "120"]
[GameId "2160767907702183"]
[EventDate "2020.02.19"]
[EventType "tourn"]
[EventRounds "9"]
[EventCountry "CAN"]
[SourceTitle "hb 2020"]

1. e4 Nf6 2. Nc3 d5 3. e5 Ne4 4. Nce2 f6 5. d3 Ng5 6. Bxg5 fxg5 7. h4 gxh4 8. Nf4 g6 9. d4 e6 10. Qg4 c5 11. Bd3 Nc6 12. Nf3 c4 13. Be2 Qb6 14. Rd1 Bd7 15. Rxh4 O-O-O 16. b3 Be7 17. Rh1 h5 18. Qg3 g5 19. Ng6 Bb4+ 20. Kf1 Rhg8 21. Qxg5 Be8 22. Nfh4 Nxd4 23. c3 Nxe2 24. Kxe2 Ba3 25. Ne7+ Bxe7 26. Qxe7 cxb3 27. axb3 Qxb3 28. Qb4 Bb5+ 29. Ke3 Qc4 30. Qxc4+ Bxc4 31. Rd4 Kc7 32. g3 a5 33. Nf3 b5 34. Rxh5 Rh8 35. Rdh4 Rxh5 36. Rxh5 a4 37. Nd4 Re8 38. Rh7+ Kb6 39. Nc2 Kc5 40. Rd7 Bb3 41. Nd4 Rc8 42. Kd3 Bc4+ 43. Kd2 a3 44. Nc2 a2 45. Ra7 Kb6 46. Ra3 Rf8 47. Ke3 Rh8 48. Nb4 Rh1 49. Rxa2 Bxa2 50. Nxa2 Re1+ 51. Kf3 Kc5 52. g4 Rxe5 53. Nc1 Kc4 54. Ne2 Rg5 55. Kf4 Rg8 56. f3 Kd3 57. Nd4 b4 58. Nxe6 bxc3 59. Nc5+ Kc4 60. Na4 c2 0-1

[Event "Oakville Invitational"]
[Site "Oskville CAN"]
[Date "2020.02.22"]
[Round "6"]
[White "Vettese, Nicholas"]
[Black "Posthuma, Joshua"]
[Result "0-1"]
[WhiteElo "2225"]
[BlackElo "2353"]
[PlyCount "100"]
[GameId "2160767907702187"]
[EventDate "2020.02.19"]
[EventType "tourn"]
[EventRounds "9"]
[EventCountry "CAN"]
[SourceTitle "CBM 195 Extra"]
[Source "ChessBase"]
[SourceDate "2020.05.31"]
[SourceVersion "1"]
[SourceVersionDate "2020.05.31"]
[SourceQuality "1"]

1. e4 c6 2. d4 d5 3. exd5 cxd5 4. Nf3 Nc6 5. Ne5 Nf6 6. Bb5 Bd7 7. Nxd7 Qxd7 8. c3 e6 9. Nd2 Bd6 10. O-O Qc7 11. g3 O-O 12. Bd3 a6 13. a4 Rae8 14. f4 Nd7 15. b3 f5 16. Bb2 Nf6 17. c4 Ne4 18. Nxe4 dxe4 19. Be2 Rd8 20. Qc1 Be7 21. Rd1 Na5 22. Qe3 Qb6 23. Bc3 Nc6 24. a5 Qc7 25. c5 Na7 26. Bc4 Qc6 27. g4 fxg4 28. Re1 Nb5 29. Bxb5 Qxb5 30. Qxe4 Rf6 31. b4 Rd5 32. f5 Rdxf5 33. d5 Rf4 34. Qe5 Qd3 35. Rad1 Qh3 36. Qb8+ Rf8 37. Qe5 Bf6 38. Qxf4 Bxc3 39. Qe4 Bxe1 40. Qxe6+ Kh8 41. Rxe1 Qf3 42. d6 g3 43. hxg3 Qxg3+ 44. Kh1 Qh4+ 45. Kg1 h6 46. d7 Qf2+ 47. Kh1 Qh4+ 48. Kg1 Rf4 49. Re2 Rd4 50. Qf5 Qg3+ 0-1

[Event "Oakville Invitational"]
[Site "Oskville CAN"]
[Date "2020.02.22"]
[Round "7.5"]
[White "Migot, Tangi"]
[Black "Vettese, Nicholas"]
[Result "1-0"]
[WhiteElo "2384"]
[BlackElo "2225"]
[PlyCount "67"]
[GameId "2160767907702196"]
[EventDate "2020.02.19"]
[EventType "tourn"]
[EventRounds "9"]
[EventCountry "CAN"]
[SourceTitle "hb 2020"]

1. e4 Nf6 2. e5 Nd5 3. d4 d6 4. Nf3 Bg4 5. Be2 e6 6. O-O Be7 7. c4 Nb6 8. Nc3 O-O 9. Be3 Nc6 10. exd6 cxd6 11. d5 Bxf3 12. Bxf3 Ne5 13. dxe6 fxe6 14. Bxb7 Rb8 15. Be4 Nexc4 16. Qh5 g6 17. Qg4 Nxe3 18. Qxe6+ Kg7 19. fxe3 Bg5 20. Bd5 Nxd5 21. Nxd5 Rxb2 22. Rxf8 Qxf8 23. Rf1 Qd8 24. Rf7+ Kh8 25. Qe4 Rd2 26. h3 Bh4 27. Kh2 a5 28. a4 Bg5 29. Qc4 Qe8 30. Nf4 Rc2 31. Qb3 Bxf4+ 32. exf4 Qc8 33. Qd5 Rc4 34. Qxd6 1-0

[Event "Oakville Invitational"]
[Site "Oskville CAN"]
[Date "2020.02.23"]
[Round "8.1"]
[White "Hua, Eugene"]
[Black "Vettese, Nicholas"]
[Result "0-1"]
[WhiteElo "2298"]
[BlackElo "2225"]
[PlyCount "128"]
[GameId "2160767907702198"]
[EventDate "2020.02.19"]
[EventType "tourn"]
[EventRounds "9"]
[EventCountry "CAN"]
[SourceTitle "hb 2020"]

1. c4 c5 2. Nc3 Nc6 3. g3 g6 4. Bg2 Bg7 5. Nf3 f5 6. O-O Nf6 7. d4 cxd4 8. Nxd4 O-O 9. Nb3 a5 10. a4 d6 11. c5 dxc5 12. Qxd8 Rxd8 13. Nxc5 Rb8 14. Be3 Ng4 15. Bf4 e5 16. Bg5 Bf6 17. Bxf6 Nxf6 18. Bxc6 bxc6 19. Rfd1 Rf8 20. Rd2 Kf7 21. Rad1 Be6 22. Nxe6 Kxe6 23. Rd6+ Kf7 24. Rxc6 Rxb2 25. Rc7+ Ke6 26. Nb5 f4 27. Rc6+ Ke7 28. Rdd6 Ne8 29. Re6+ Kd7 30. Ra6 Rxe2 31. Reb6 f3 32. h4 Re1+ 33. Kh2 Rc1 34. Ra7+ Kd8 35. Rb8+ Rc8 36. Rxc8+ Kxc8 37. Rxa5 Kb8 38. Nc3 Nf6 39. g4 Nxg4+ 40. Kg3 h5 41. Ne4 Rf5 42. Ra6 Rf4 43. Ng5 Nh6 44. Nxf3 Nf5+ 45. Kg2 e4 46. Ne5 Nxh4+ 47. Kg3 g5 48. Ng6 Rf3+ 49. Kh2 Nxg6 50. Rxg6 Rxf2+ 51. Kg3 Rf3+ 52. Kg2 Rf5 53. Rh6 h4 54. Re6 Rf4 55. Kh3 Rf3+ 56. Kh2 e3 57. a5 g4 58. Re4 Rg3 59. Re7 Rh3+ 60. Kg2 Rf3 61. Re4 h3+ 62. Kh2 Rf2+ 63. Kg1 h2+ 64. Kh1 g3 0-1

[Event "Oakville Invitational"]
[Site "Oskville CAN"]
[Date "2020.02.23"]
[Round "9.5"]
[White "Vettese, Nicholas"]
[Black "Plotkin, Mark"]
[Result "0-1"]
[WhiteElo "2225"]
[BlackElo "2395"]
[PlyCount "140"]
[GameId "2160767907702206"]
[EventDate "2020.02.19"]
[EventType "tourn"]
[EventRounds "9"]
[EventCountry "CAN"]
[SourceTitle "hb 2020"]

1. e4 c5 2. c4 Nc6 3. Nc3 e5 4. d3 d6 5. g3 h5 6. h3 g6 7. Bg2 h4 8. g4 Bh6 9. Nge2 Bxc1 10. Qxc1 g5 11. a3 f6 12. O-O Nge7 13. Rb1 a5 14. a4 Be6 15. f3 Ng6 16. Qd2 Ra6 17. b3 Ke7 18. Kh1 Rb6 19. Rb2 Rb4 20. Rfb1 Qb8 21. Na2 Qa7 22. Nac3 Rc8 23. Na2 Qb6 24. Nac3 Kf7 25. Kh2 Ra8 26. Kh1 Ra6 27. Kh2 Nge7 28. Kh1 Qd8 29. Kh2 Ke8 30. Kh1 Nd4 31. Nxd4 cxd4 32. Ne2 Ng6 33. Kh2 Rab6 34. Kh1 Bd7 35. Kh2 Qe7 36. Kh1 Nf8 37. Kh2 Ne6 38. Kh1 Nc5 39. Nc1 Qd8 40. Kh2 Qc7 41. Kh1 Kd8 42. Kg1 Kc8 43. Kh1 Kb8 44. Kg1 Ka7 45. Kh1 Kb8 46. Bf1 Bxa4 47. bxa4 Rxb2 48. Rxb2 Nxa4 49. Ra2 Nc3 50. Ra1 Qc5 51. Be2 Qb4 52. Bd1 Qb2 53. Qxb2 Rxb2 54. Bb3 a4 55. Bxa4 Nxa4 56. Rxa4 Rb1 57. Kg2 Rxc1 58. Ra2 Rd1 59. Ra3 Kc7 60. Rb3 Rd2+ 61. Kg1 Rc2 62. Rb1 Kc6 63. Kf1 Ra2 64. Rb3 Rd2 65. Kg1 Rc2 66. Rb1 Rc3 67. Rd1 Kc5 68. Kf1 Kb4 69. Ke1 Kb3 70. Rb1+ Kc2 0-1

[Event "NAYCC U18"]
[Site "Kingston CAN"]
[Date "2019.08.16"]
[Round "1.179"]
[White "Vettese, Nicholas"]
[Black "Rama, Tejas"]
[Result "1/2-1/2"]
[WhiteElo "2295"]
[BlackElo "2022"]
[PlyCount "53"]
[GameId "2160767907849901"]
[EventDate "2019.08.16"]
[EventType "swiss"]
[EventRounds "9"]
[EventCountry "CAN"]
[SourceTitle "hb 2019"]

1. e4 e5 2. Nf3 Nc6 3. d4 exd4 4. Nxd4 Bc5 5. Nb3 Bb6 6. Nc3 Nf6 7. Qe2 d6 8. Bg5 h6 9. Bh4 Nd4 10. Qd3 Nxb3 11. axb3 g5 12. Bg3 Qe7 13. h4 Rg8 14. hxg5 hxg5 15. Rh6 Be6 16. Qf3 Nd7 17. e5 d5 18. Nxd5 Bxd5 19. Qxd5 O-O-O 20. O-O-O Rge8 21. Bd3 Nxe5 22. Bf5+ Kb8 23. Qxd8+ Rxd8 24. Rxd8+ Qxd8 25. Bxe5 Bd4 26. Rh8 Qxh8 27. Bxh8 1/2-1/2

[Event "NAYCC U18"]
[Site "Kingston CAN"]
[Date "2019.08.16"]
[Round "2.187"]
[White "Zhao, Harry"]
[Black "Vettese, Nicholas"]
[Result "0-1"]
[WhiteElo "1950"]
[BlackElo "2295"]
[PlyCount "96"]
[GameId "2160767907849925"]
[EventDate "2019.08.16"]
[EventType "swiss"]
[EventRounds "9"]
[EventCountry "CAN"]
[SourceTitle "hb 2019"]

1. d4 Nf6 2. Nf3 g6 3. Nbd2 c5 4. e3 Bg7 5. dxc5 Qa5 6. a3 Qxc5 7. b4 Qc7 8. Bb2 O-O 9. c4 a5 10. Be2 axb4 11. axb4 Rxa1 12. Qxa1 d6 13. O-O Nc6 14. Bc3 e5 15. c5 Nd5 16. cxd6 Qxd6 17. Nc4 Qc7 18. Bb2 Ndxb4 19. Nfxe5 Nc2 20. Qc1 Nxe5 21. Bxe5 Bxe5 22. Nxe5 Qxe5 23. Qxc2 Bd7 24. Qb3 Bc6 25. Rd1 Qg5 26. Bf1 Ra8 27. Qb6 h5 28. Qc7 h4 29. Qd6 Kg7 30. e4 Ra4 31. Rd4 Ra1 32. Rd1 Rxd1 33. Qxd1 Qe5 34. f3 Qc5+ 35. Kh1 b5 36. Bd3 b4 37. Bc2 Qf2 38. Bb3 Bb5 39. Qa1+ f6 40. Qg1 Qb2 41. Qa7+ Kh6 42. Qe3+ g5 43. h3 Bf1 44. Qg1 Bxg2+ 45. Qxg2 Qxb3 46. Qg4 Qd1+ 47. Kh2 Qe2+ 48. Kg1 Qe1+ 0-1

[Event "NAYCC U18"]
[Site "Kingston CAN"]
[Date "2019.08.17"]
[Round "3.182"]
[White "Vettese, Nicholas"]
[Black "Zhang, Yuanchen"]
[Result "0-1"]
[WhiteElo "2295"]
[BlackElo "2305"]
[PlyCount "62"]
[GameId "2160767907849938"]
[EventDate "2019.08.16"]
[EventType "swiss"]
[EventRounds "9"]
[EventCountry "CAN"]
[SourceTitle "hb 2019"]

1. e4 e5 2. Nf3 Nc6 3. d4 exd4 4. Nxd4 Nf6 5. Nxc6 bxc6 6. Qe2 Bc5 7. e5 Nd5 8. c4 Nb6 9. Qg4 g6 10. Bh6 d5 11. Qg3 Bf5 12. Be2 Nxc4 13. Bxc4 dxc4 14. O-O Qd3 15. Qh4 Be7 16. Bg5 Bxg5 17. Qxg5 O-O 18. Nc3 Qd4 19. Qf6 Rab8 20. Qxc6 Rxb2 21. Nd5 Qxe5 22. Rae1 Re2 23. Rxe2 Qxe2 24. Qf6 Re8 25. Qa1 Re5 26. Nf6+ Kg7 27. Nd7 Bxd7 28. f4 Qe3+ 29. Kh1 c3 30. fxe5 Bc6 31. e6 Qd2 0-1

[Event "NAYCC U18"]
[Site "Kingston CAN"]
[Date "2019.08.17"]
[Round "4.187"]
[White "Li, William"]
[Black "Vettese, Nicholas"]
[Result "1-0"]
[WhiteElo "2135"]
[BlackElo "2295"]
[PlyCount "65"]
[GameId "2160767907849960"]
[EventDate "2019.08.16"]
[EventType "swiss"]
[EventRounds "9"]
[EventCountry "CAN"]
[SourceTitle "hb 2019"]

1. d4 Nf6 2. c4 g6 3. Nc3 d5 4. cxd5 Nxd5 5. e4 Nxc3 6. bxc3 Bg7 7. Nf3 c5 8. Be3 Nc6 9. Qd2 Qa5 10. Rb1 a6 11. Rc1 Bg4 12. d5 Bxf3 13. gxf3 Rd8 14. Bd3 O-O 15. O-O Ne5 16. Be2 c4 17. f4 Nd7 18. Bxc4 Rc8 19. Be2 Bxc3 20. Qc2 Nf6 21. Rfd1 Kg7 22. Qb1 Qb4 23. e5 Nh5 24. Bxh5 gxh5 25. Qf5 Kh8 26. d6 Rg8+ 27. Kh1 Qa4 28. f3 Qxa2 29. Rc2 Qb3 30. dxe7 Rc6 31. Rd8 Qb1+ 32. Bc1 Rcg6 33. Rxg8+ 1-0

[Event "NAYCC U18"]
[Site "Kingston CAN"]
[Date "2019.08.18"]
[Round "5.191"]
[White "Vettese, Nicholas"]
[Black "Rama, Vikas"]
[Result "1-0"]
[WhiteElo "2295"]
[BlackElo "1534"]
[PlyCount "147"]
[GameId "2160767907849982"]
[EventDate "2019.08.16"]
[EventType "swiss"]
[EventRounds "9"]
[EventCountry "CAN"]
[SourceTitle "hb 2019"]

1. e4 c5 2. Nf3 e6 3. d4 cxd4 4. Nxd4 Nf6 5. Nc3 Nc6 6. Ndb5 Bb4 7. a3 Bxc3+ 8. Nxc3 d5 9. exd5 exd5 10. Bd3 O-O 11. O-O Bg4 12. f3 Qb6+ 13. Kh1 Bh5 14. Bg5 Ne4 15. Nxe4 dxe4 16. Bxe4 Qxb2 17. Qb1 Qxb1 18. Rfxb1 f5 19. Bd3 b6 20. Rb5 Bg6 21. Rd5 Kh8 22. f4 Rae8 23. Rd6 Rc8 24. Re1 Rc7 25. Kg1 Na5 26. Re7 Rxe7 27. Bxe7 Ra8 28. Rd7 Kg8 29. Rc7 Re8 30. Bb4 Ra8 31. Bc3 Bf7 32. Bxf5 Nc4 33. Be4 Re8 34. Bxh7+ Kxh7 35. Rxf7 Re3 36. Bd4 Re2 37. Rxg7+ Kh6 38. Rxa7 Nd2 39. Bxb6 Ne4 40. g3 Kh5 41. Rg7 Rxc2 42. f5 Ra2 43. Re7 Ng5 44. h4 Nf3+ 45. Kf1 Rxa3 46. Kg2 Rb3 47. Kh3 Nxh4 48. Rh7+ Kg5 49. Bd8+ Kxf5 50. Bxh4 Rd3 51. Rh5+ Kg6 52. Rc5 Rb3 53. Re5 Rd3 54. Kg4 Rd4+ 55. Kf3 Ra4 56. g4 Ra6 57. Bf2 Rf6+ 58. Kg3 Rc6 59. Be3 Ra6 60. g5 Rc6 61. Kg4 Rc4+ 62. Bf4 Rc6 63. Rd5 Rc4 64. Rd6+ Kg7 65. Kf5 Ra4 66. Rd7+ Kg8 67. g6 Ra5+ 68. Kf6 Ra6+ 69. Bd6 Ra8 70. Be7 Ra6+ 71. Rd6 Rxd6+ 72. Bxd6 Kh8 73. g7+ Kg8 74. Be7 1-0